1328 1164 1809 1481 1073 1856 1546 1009 1631 1550 1521 1399 1961 1135 1089 1066 1708 1252 1259 1642 1970 1831 1692 1363 1512 1039 1102 1141 1291 1379 1071 1799 1675 1296 1784 1267 1436 1269 1938 1450 1545 1482 1928 1710 1901 1599 1534 1752 1448 1143 1986 1987 1508 1549 1889 1896 1489 1081 1000 1635 1880 1874 1632 1622 1674 1312 1175 1081 1554 1129 1630 1876 1401 1535 1747 1304 1404 1039 1804 1115 1426 1137 1725 1285 1850 1721 1438 1598 1552 1242 1303 1926 1724 1743 1626 1006 1284 1654 1363 BCNSPRNW ULIB Ver.6.0+V

เปลี่ยนเป็นภาษาไทย

Change to English
 แสดงรายละเอียดบรรณานุกรม
  กลับหน้าหลัก

Brief Record : Get Marc (ISO 2709) : E-mail record : QR code < ปิดหน้าต่าง
LEADER : 00000nam 2200000uu 4500
001    13399124664
003     ULIB
008    151119s2009||||th 000 0 tha d
020    ^a1412960991 (paperback) ^c^50.00
020    ^a9781412960991 (paperback)
050  0 H62^bY56
100 1  ^aYin, Robert K.
245 10 ^aCase study research : ^bdesign and methods / ^cRobert K. Yin.
250    ^a4th ed.
260    ^a[S.l.] : ^bSAGE Publications, Inc, ^c2008.
300    ^a240 p. ; ^c22 cm.
490 1  ^aApplied social research methods.
520    ^aProviding a complete portal to the world of case study research, the Fourth Edition of Robert K. Yin’s bestselling text Case Study Research offers comprehensive coverage of the design and use of the case study method as a valid research tool. This thoroughly revised text now covers more than 50 case studies (approximately 25% new), gives fresh attention to quantitative analyses, discusses more fully the use of mixed methods research designs, and includes new methodological insights. The book’s coverage of case study research and how it is applied in practice gives readers access to exemplary case studies drawn from a wide variety of academic and applied fields. Key Features of the Fourth Edition Highlights each specific research feature through 44 boxed vignettes that feature previously published case studies Provides methodological insights to show the similarities between case studies and other social science methods Suggests a three-stage approach to help readers define the initial questions they will consider in their own case study research Covers new material on human subjects protection, the role of Institutional Review Boards, and the interplay between obtaining IRB approval and the final development of the case study protocol and conduct of a pilot case Includes an overall graphic of the entire case study research process at the beginning of the book, then highlights the steps in the process through graphics that appear at the outset of all the chapters that follow Offers in-text learning aids including “tips” that pose key questions and answers at the beginning of each chapter, practical exercises, endnotes, and a new cross-referencing table Case Study Research, Fourth Edition is ideal for courses in departments of Education, Business and Management, Nursing and Public Health, Public Administration, Anthropology, Sociology, and Political Science.
830  0 ^aApplied social research methods.
945    ^p0^l0^i000207
999    ^aเกษร โพธิ์สุวรรณ
รายการนี้ยังไม่มีแท็ก
คุณยังไม่ได้ล็อกอิน คุณสามารถมีกิจกรรมร่วมกับเว็บไซต์ได้ แต่ต้องล็อกอินก่อน ::
  ล็อกอิน

รายการสื่อสารสนเทศ

ลำดับที่ ประเภท เลขเรียก/บาร์โค้ด สถานที่ สถานะ
1. การศึกษาทั่วไป
การศึกษาทั่วไป
H62 Y56 ฉ.1 
  Barcode: 000207
ห้องสมุดวิทยาเขตสวรรค์ประชารักษ์
►หนังสือทั่วไป
บนชั้น
Note:อภินันทนาการโดย อาจารย์จันทนา เกษรบัว

BibComment


ยังไม่เคยถูกคอมเมนท์

คอมเมนท์ทรัพยากรรายการนี้
  คอมเมนท์: Case study resea..


 Copyright 2026. Bcnsprnw @Library